000 00643cam a22001811 4500
082 _a621.314
_bWIL
_cL-11, P-7
100 1 _aWild, Eric Egbert.
_941350
245 0 0 _aTransformers,
_cby Eric E. Wild.
260 _aLondon,
_aGlasgow,
_bBlackie & son limited
_c[1940]
300 _a5 p. l., 132 p.
_bdiagrs.
_c22 cm.
500 _a"Answers to examples": p. [127]
500 _a"First published 1940."
500 _aImprint covered by label: Distributed by Chemical publishing company, inc., Brooklyn, N. Y.
526 _a0
_b0
_c0
_d621_314000000000000_WIL
650 0 _aElectric transformers.
_941351
650 0 _aMCE
_9379
942 _2ddc
_cBK
999 _c545482
_d545482